LIBRARY & INFORMATION CENTRE, KCAET, TAVANUR

ONLINE PUBLIC ACCESS CATALOGUE (OPAC)

Food Biodeterioration and Preservation (Record no. 14672)

MARC details
000 -LEADER
fixed length control field 00312nam a22001217a 4500
020 ## - INTERNATIONAL STANDARD BOOK NUMBER
ISBN 9788126542338
082 ## - DEWEY DECIMAL CLASSIFICATION NUMBER
Classification number 660
Item number TUC/FO
245 ## - TITLE STATEMENT
Title Food Biodeterioration and Preservation
260 ## - PUBLICATION, DISTRIBUTION, ETC. (IMPRINT)
Place of publication New Delhi
Name of publisher Wiley India -Blackwell Publishing
Year of publication 2013
300 ## - PHYSICAL DESCRIPTION
Number of Pages 250
700 ## - ADDED ENTRY--PERSONAL NAME
Personal name Tucker,Gray S.
942 ## - ADDED ENTRY ELEMENTS (KOHA)
Koha item type Books
Holdings
Withdrawn status Lost status Damaged status Collection code Home library Current library Shelving location Date acquired Source of acquisition Cost, normal purchase price Full call number Accession Number Koha item type
        KAUAET KAUAET General Stacks 25/07/2016 Southern Book Star, Tvm. 4995.00 660 TUC/FO 24545 Books
free website counter